| 000 | 01156nam a22002897a 4500 | ||
|---|---|---|---|
| 001 | 9835 | ||
| 003 | FISKH | ||
| 005 | 20260304093710.0 | ||
| 008 | 260304b cb ||||| |||| 00| 0 eng d | ||
| 040 |
_aFISKH _beng _cFISKH _dFISKH |
||
| 050 | _aPZ7 .P4324 .A | ||
| 082 | _a813.6 | ||
| 100 |
_aPerle, Ruth Lerner _eAuthor |
||
| 245 |
_aAlbert's special day / _cRuth Lerner Perle ; illustrated by Deborah Colvin Borgo |
||
| 260 |
_aDanbury : _bGrolier Enterprises Inc. , _c1990 |
||
| 300 |
_a24 unnumbered pages : _bcolor illustrations ; _c23 cm |
||
| 490 |
_aAlphaPets _vBook 1 |
||
| 505 | _aG | ||
| 520 | _aIn this story, Albert the absent-minded Alligator remembers that it's a special day-but he can't remember why. His absent-mindedness gets him into one predicament after another until, with some help from his AlphaPet friends, he finally discovers what makes this special indeed. | ||
| 521 | 8 |
_a300
_bLexile estimate |
|
| 521 | 8 |
_aG
_bRaz-Plus |
|
| 650 |
_aAlligators _vJuvenile fiction |
||
| 650 |
_aAlligators and crocodiles _vAlpha Pets |
||
| 700 |
_aBorgo, Deborah Colvin _eIllustrator |
||
| 942 |
_2ddc _cBK _n0 |
||
| 999 |
_c9835 _d9835 |
||